| 000 | 00664nam a2200217Ia 4500 | ||
|---|---|---|---|
| 005 | 20241129104126.0 | ||
| 008 | 241129s9999||||xx |||||||||||||| ||und|| | ||
| 020 | _a9781609010782 | ||
| 037 | _aTextual | ||
| 040 |
_aRTL _beng _cRTL |
||
| 041 |
_aeng _2eng |
||
| 084 |
_aX9(MB):54 Q2 _qRTL |
||
| 100 |
_aRath Patricia Mink; Petrizzi Richard; Gill Penny _9724883 |
||
| 245 | 0 |
_aMarketing fashion: A global perspective _cRath Patricia Mink; Petrizzi Richard; Gill Penny |
|
| 260 |
_aNew York _bBloomsbury _c2012 |
||
| 300 | _axxi,504p. | ||
| 365 |
_aINR _b12382 |
||
| 650 | _aMarketing | ||
| 942 |
_cTB _hX9(MB):54 Q2 |
||
| 999 |
_c1224530 _d1224530 |
||